| 000 | 01825nam0a2200313 4500 | ||
|---|---|---|---|
| 001 | RU\NLR\bibl\790611 | ||
| 005 | 20260407143722.0 | ||
| 010 | _a5-246-00705-7 | ||
| 021 |
_aRU _b2004-77416 _93819 |
||
| 035 | _a(NLR Aleph) 000779855 | ||
| 090 |
_a1055195 _c1055195 |
||
| 100 | _a20050420d2004 |||y0rusy50 ca | ||
| 101 | 0 | _arus | |
| 102 | _aRU | ||
| 105 | _ay ||||||||| | ||
| 200 | 1 |
_aБизнес-карта-2004. [Промышленность. Отрасль. Деловые справочники]. Т. 9 _iПищевая промышленность. Хлеб. Хлебобулочные изделия. Мучные кондитерские изделия. Страны СНГ _fАгентство деловой информации [Бизнес-карта] |
|
| 210 |
_aМосква _cАДИ "Бизнес-карта" _d2004 |
||
| 215 |
_a246,[1] с. _d20 |
||
| 300 | _aЗагл. обл.: Пищевая промышленность | ||
| 320 | _aУказатели: Алф. указ. по видам продукции и услуг, Отрасл. указ. предприятий по обл., респ., Алф. указ. по видам сырья и материалов, используемых предприятиями, Алф. указ. предприятий по обл., респ.: с. 7-70 | ||
| 512 | 1 | _aПищевая промышленность | |
| 606 | 1 |
_aПищевая промышленность _jБизнес-карты _yСтраны СНГ _92188550 _3RU\NLR\auth\661315727 |
|
| 686 | _aУ30(2)67я2 | ||
| 712 | 0 | 2 |
_4570 _a"Бизнес-карта", агентство деловой информации _cМосква _3RU\NLR\AUTH\8810016251 _9530346 |
| 801 | 0 |
_aRU _bNLR _c20050420 _grcr |
|
| 801 | 1 |
_aRU _bNLR _c20050420 |
|
| 942 | _cBOOK | ||
| 980 | _aNB | ||